000 01341ngm a22003130a 4500
001 PT16566
003 AR-LpoUNG
005 20210202000217.0
007 vd cvaizq
008 191001s1962||||ag |||||||||||||||||rus d
037 _c$6.63
040 _aAR-LpoUNG
_bspa
_cAR-LpoUNG
_eaacr
041 _arus
044 _aag
082 0 _a940.531 5 176inf
100 1 _aTarkovsky, Andrei
_edir.
245 1 3 _aLa infancia de Ivan
260 _aBuenos Aires :
_bCultural Video,
_c1962.
300 _aVHS (95 min.) : son., byn
505 0 _aguión: Vladimir Osopovitch, Mijail Papava ; fotografía: Vadim Yusov ; música: Viatcheslav Ovtchinnikov. - Basado en un relato de Bogomolov. Estreno en Antigua U.R.S.S., 1962.
520 _aEs una historia de guerra y venganza. Ivan, un chico de 12 años, está determinado a vengar la muerte de su familia en manos de los nazis, y para ello se integra a un regimiento de partisanos rusos. Su pequeña talla le permite traspasar las líneas enemigas y pasar desapercibido. A pesar de que sus compañeros adultos desean sacarlo del frente, el chico permanecerá allí. Y para probar su valor, participará en misiones cada vez más arriesgadas.
650 4 _aALEMANIA
650 4 _aGUERRA
650 4 _aURSS
651 4 _aURSS
653 _aVIDEOS
905 _a16566
942 _cVIDEO
999 _c54348
_d54348